Biblioteca y Centro de Documentación

Reglas de catalogación (Registro nro. 3434)

Detalles MARC
000 -CABECERA
Longitud fija campo de control 01006nam a2200325 c 4500
001 - NÚMERO DE CONTROL
Número de control 3434
003 - IDENTIFICADOR DE NÚMERO DE CONTROL
Identificador del número de control ES-MaCES
005 - FECHA Y HORA DE LA ÚLTIMA TRANSACCIÓN
Fecha y hora de la última transacción 20190523103701.0
008 - CAMPO FIJO DE DESCRIPCIÓN FIJA--INFORMACIÓN GENERAL
Códigos de información de longitud fija   951004s1995 sp ||| | spa d
017 ## - NÚMERO DE REGISTRO DE DERECHOS DE AUTOR Y DEPÓSITO LEGAL
Número de copyright o de depósito legal M 27291-1995
Agencia que asigna el número DL
020 ## - ISBN (INTERNATIONAL STANDARD BOOK NUMBER)
Número Internacional Normalizado para Libros (ISBN) 8481810657
024 7# - OTROS IDENTIFICADORES
Número normalizado o código 301-95-058-1
Fuente del número o código nipo
035 ## - NÚMERO DE CONTROL DEL SISTEMA
Número de control del sistema CES19980034591m
040 ## - FUENTE DE CATALOGACIÓN
Centro catalogador de origen ES-MaCES
Lengua de catalogación spa
Centro transcriptor ES-MaCES
245 00 - MENCIÓN DE TÍTULO
Título Reglas de catalogación
250 ## - MENCIÓN DE EDICIÓN
Mención de edición Ed. ref. y rev., 1ª reimp.
260 ## - PUBLICACIÓN, DISTRIBUCIÓN, ETC (PIE DE IMPRENTA)
Lugar de publicación, distribución, etc. [Madrid]
Nombre del editor, distribuidor, etc. Dirección General del Libro, Archivos y Bibliotecas
Fecha de publicación, distribución, etc. 1995
300 ## - DESCRIPCIÓN FÍSICA
Extensión XXVI, 626 p.
Dimensiones 28 cm
541 ## - NOTA DE LA FUENTE INMEDIANTE DE ADQUISICIÓN
Forma de adquisición Compra
650 #4 - ASIENTO SECUNDARIO DE MATERIA--TÉRMINO DE MATERIA
Término de materia o nombre geográfico como elemento inicial catalogación
9 (RLIN) 29437
650 #4 - ASIENTO SECUNDARIO DE MATERIA--TÉRMINO DE MATERIA
Término de materia o nombre geográfico como elemento inicial norma
9 (RLIN) 29523
650 #4 - ASIENTO SECUNDARIO DE MATERIA--TÉRMINO DE MATERIA
9 (RLIN) 28926
Término de materia o nombre geográfico como elemento inicial biblioteca
653 10 - TÉRMINO DE INDEXACIÓN--NO CONTROLADO
Término no controlado Biblioteconomía
710 1# - ENCABEZAMIENTO SECUNDARIO--NOMBRE CORPORATIVO
Nombre de entidad o nombre de jurisdicción como elemento inicial España
Unidad subordinada Dirección General del Libro, Archivos y Bibliotecas
9 (RLIN) 2819
775 0# - ENTRADA DE OTRA EDICIÓN
Título Reglas de catalogación
Número de control del registro relacionado (ES-MaCES)8772
775 0# - ENTRADA DE OTRA EDICIÓN
Título Reglas de catalogación
Número de control del registro relacionado (ES-MaCES)673
902 ## - CES. TIPO DE DOCUMENTO
Tipodoc (006$c Sirtex) LIB Libro
942 ## - ELEMENTOS KOHA
Fuente de clasificaión o esquema Clasificación propia del CES
Koha [por defecto] tipo de item Monografías
Parte de clasificación Bibliografias, Biblioteconomia, Catálogo
Existencias
Número de registro Signatura completa Tipo de item de Koha
011357 DPT-3819 Monografías
011358 DESPACHO 3-3 Monografías
011359 DPT-3818 Monografías
© CES, Consejo Económico y Social de España 2021